[Event "137th YMCA Winter D"]
[Site "Warszawa"]
[Date "2014.03.17"]
[Round "11"]
[White "Wilczynski, Adam"]
[Black "Duda, Ryszard"]
[Result "1-0"]
[WhiteElo "1664"]
[BlackElo "1641"]
[PlyCount "99"]
[EventDate "2014.01.06"]
[EventType "tourn"]
[EventRounds "1"]
[EventCountry "POL"]
[SourceDate "2014.01.06"]

1. c4 Nf6 2. g3 g6 3. Nc3 Bg7 4. Bg2 c5 5. Nf3 Nc6 6. O-O O-O 7. a3 d6 8. Rb1
a5 9. d3 Re8 10. e4 Bg4 11. h3 Bd7 12. Bg5 Qc8 13. Kh2 Qd8 14. Qd2 Rb8 15. Nb5
Ne5 16. Ne1 Bc6 17. f4 Ned7 18. f5 Ne5 19. Nc3 Nfd7 20. b3 f6 21. Be3 g5 22.
Nc2 Kf7 23. d4 cxd4 24. Nxd4 Nf8 25. Qe2 Kg8 26. b4 axb4 27. axb4 Bd7 28. Nd5
e6 29. fxe6 Nxe6 30. Nf5 Bc8 31. Nb6 Qc7 32. Rfd1 Nf7 33. Nd5 Qd7 34. Ba7 Nc7
35. Nxg7 Nxd5 36. cxd5 Kxg7 37. Bxb8 b5 38. Qc2 Re7 39. Rdc1 Re8 40. Bc7 Ne5
41. Bb6 Nc4 42. Bd4 Na3 43. Qd2 h6 44. Ra1 Nc4 45. Qf2 Qf7 46. Ra7 Re7 47. Rca1
Ne5 48. Rxe7 Qxe7 49. Ra7 Bd7 50. Bf1 1-0

[Event "137th YMCA Winter D"]
[Site "Warszawa"]
[Date "2014.01.27"]
[Round "12"]
[White "Bartczak, Hanna"]
[Black "Duda, Ryszard"]
[Result "1-0"]
[WhiteElo "1592"]
[BlackElo "1641"]
[PlyCount "97"]
[EventDate "2014.01.06"]
[EventType "tourn"]
[EventRounds "1"]
[EventCountry "POL"]
[SourceDate "2014.01.06"]

1. d4 Nf6 2. c4 d5 3. Nf3 g6 4. cxd5 Nxd5 5. e4 Nb6 6. Be3 Bg7 7. Nc3 O-O 8.
Be2 c6 9. O-O N8d7 10. Qd2 Nf6 11. Bh6 Re8 12. Bxg7 Kxg7 13. a4 a5 14. Ne5 Be6
15. f4 Nfd7 16. Qe3 f6 17. Nxd7 Bxd7 18. f5 Qc7 19. Rf3 Rh8 20. Rg3 Be8 21. Rc1
Qd8 22. Bd3 Bf7 23. Ne2 g5 24. h4 h6 25. e5 Bd5 26. Nf4 Bf7 27. e6 Be8 28. Kf2
Kf8 29. hxg5 hxg5 30. Nh3 Nd5 31. Qe4 Qb6 32. Rc2 Nb4 33. Rd2 c5 34. dxc5 Qxc5+
35. Ke2 Bh5+ 36. Kf1 Rd8 37. Qe1 Nxd3 38. Rgxd3 Qxf5+ 39. Rf3 Qc5 40. Rxd8+ Kg7
41. Rxh8 Bxf3 42. Rd8 Bd5 43. Qd2 Bc4+ 44. Ke1 Qe5+ 45. Kd1 Bxe6 46. Rd4 Bb3+
47. Kc1 Qf5 48. Nf2 Bxa4 49. Rxa4 1-0

[Event "137th YMCA Winter D"]
[Site "Warszawa"]
[Date "2014.02.18"]
[Round "12"]
[White "Kalhorn, Marcin"]
[Black "Wilczynski, Adam"]
[Result "1/2-1/2"]
[WhiteElo "1595"]
[BlackElo "1664"]
[PlyCount "108"]
[EventDate "2014.01.06"]
[EventType "tourn"]
[EventRounds "1"]
[EventCountry "POL"]
[SourceDate "2014.01.06"]

1. e4 c5 2. Nc3 e6 3. f4 d5 4. Nf3 Nf6 5. d3 Nc6 6. Be2 Be7 7. O-O O-O 8. Kh1
d4 9. Nb1 b5 10. a4 b4 11. Nbd2 Na5 12. Ne5 Bb7 13. g4 Nd7 14. Ndf3 f6 15. Nxd7
Qxd7 16. b3 Qc7 17. Qe1 Rae8 18. Bd2 f5 19. gxf5 exf5 20. e5 Nc6 21. Qg3 Nd8
22. h4 Ne6 23. Kh2 Bd8 24. Rg1 Bc6 25. Raf1 Kh8 26. Qh3 Qd7 27. h5 h6 28. Ne1
Nc7 29. Bf3 Bxf3 30. Rxf3 Nd5 31. Ng2 Nc7 32. Be1 Ne6 33. Bh4 Bc7 34. Bf2 Bxe5
35. fxe5 Ng5 36. Qg3 Nxf3+ 37. Qxf3 Rxe5 38. Nf4 Rfe8 39. Ng6+ Kh7 40. Nxe5
Rxe5 41. Re1 Qe6 42. Rxe5 Qxe5+ 43. Bg3 Qe6 44. Kg2 Qf7 45. Bd6 g5 46. hxg6+
Qxg6+ 47. Qg3 Qh5 48. Kf2 Qd1 49. Bf8 Qxc2+ 50. Kg1 Qd1+ 51. Kh2 Qh5+ 52. Kg2
Qe2+ 53. Kh3 Qh5+ 54. Kg2 Qe2+ 1/2-1/2

[Event "137th YMCA Winter D"]
[Site "Warszawa"]
[Date "2014.01.30"]
[Round "12"]
[White "Wrabel, Antoni"]
[Black "Sobotka, Jan"]
[Result "0-1"]
[WhiteElo "1712"]
[BlackElo "1573"]
[PlyCount "144"]
[EventDate "2014.01.06"]
[EventType "tourn"]
[EventRounds "1"]
[EventCountry "POL"]
[SourceDate "2014.01.06"]

1. e4 e6 2. d4 d5 3. Nd2 c5 4. exd5 Qxd5 5. Ngf3 cxd4 6. Bc4 Qd8 7. O-O Nf6 8.
Nb3 Be7 9. Nbxd4 O-O 10. Bf4 Qb6 11. Qc1 Nc6 12. Be3 Nxd4 13. Bxd4 Qc7 14. Bd3
b6 15. c3 Bb7 16. Ne5 Bc5 17. Qf4 Bd6 18. Rfe1 h6 19. Qh4 Nd7 20. Nxd7 Qxd7 21.
Rad1 Qe7 22. Qh3 Rad8 23. b3 Rfe8 24. Bb5 Rf8 25. f4 Bc5 26. Qe3 Bxd4 27. cxd4
Qf6 28. Qe5 Qg6 29. Qe2 Rd6 30. Rd2 Rfd8 31. Red1 Qf6 32. Qe3 Qg6 33. g3 Qf6
34. Bd3 Kh8 35. Bb1 Bd5 36. Qe5 Qxe5 37. dxe5 R6d7 38. Be4 Kg8 39. Kf2 Kf8 40.
Bxd5 exd5 41. Ke3 Ke7 42. f5 g6 43. g4 h5 44. gxh5 gxf5 45. Rg1 Rh8 46. Rg5 Ke6
47. Kf4 d4 48. Rxf5 d3 49. Rf6+ Ke7 50. Rd6 Rxh5 51. Rxd7+ Kxd7 52. Rxd3+ Ke6
53. h3 Rf5+ 54. Kg4 Rxe5 55. Rf3 Re2 56. a4 Rg2+ 57. Kh5 f5 58. h4 Rg8 59. Rc3
f4 60. Kh6 Ke5 61. h5 Rg3 62. Rc7 f3 63. Kh7 f2 64. Rf7 Rg2 65. h6 Kd4 66. Kh8
Ke3 67. h7 Rg4 68. Rg7 Rxg7 69. Kxg7 f1=Q 70. h8=Q Qa1+ 71. Kg8 Qxh8+ 72. Kxh8
a5 0-1

[Event "137th YMCA Winter D"]
[Site "Warszawa"]
[Date "2014.02.28"]
[Round "12"]
[White "Borowski, Marek"]
[Black "Kepa, Wojciech"]
[Result "0-1"]
[WhiteElo "1530"]
[BlackElo "1616"]
[PlyCount "90"]
[EventDate "2014.01.06"]
[EventType "tourn"]
[EventRounds "1"]
[EventCountry "POL"]
[SourceDate "2014.01.06"]

1. d4 Nf6 2. Nf3 g6 3. c4 Bg7 4. Nc3 d6 5. e4 O-O 6. Be2 c5 7. d5 e5 8. h3 Na6
9. Bg5 Bd7 10. Qd2 Qe8 11. Rb1 Nc7 12. b4 cxb4 13. Rxb4 Na6 14. Rxb7 Nc5 15.
Rc7 Qb8 16. Rxc5 dxc5 17. O-O Qd6 18. Bd1 Rab8 19. Be3 Rb7 20. Ne1 Rc8 21. Nd3
Ne8 22. Nxc5 Rxc5 23. Bxc5 Qxc5 24. Bb3 Nd6 25. Qe2 Bh6 26. Rd1 a5 27. Kh1 Rb4
28. Qc2 Nxc4 29. Nb1 Qc8 30. a3 Rxb3 31. Qxb3 Nd6 32. f3 Bxh3 33. gxh3 Qxh3+
34. Kg1 Qg3+ 35. Kf1 Nxe4 36. Qc2 Qxf3+ 37. Ke1 Qg3+ 38. Kf1 Qf3+ 39. Ke1 Qg3+
40. Kf1 Be3 41. Qg2 Qf4+ 42. Ke2 Ng3+ 43. Ke1 Bd4 44. Rd3 Qc1+ 45. Rd1 Qe3+ 0-1

[Event "137th YMCA Winter D"]
[Site "Warszawa"]
[Date "2014.02.18"]
[Round "12"]
[White "Bitowt, Jacek"]
[Black "Herman, Monika"]
[Result "1-0"]
[WhiteElo "1699"]
[BlackElo "1645"]
[PlyCount "121"]
[EventDate "2014.01.06"]
[EventType "tourn"]
[EventRounds "1"]
[EventCountry "POL"]
[SourceDate "2014.01.06"]

1. e4 e5 2. Nf3 Nc6 3. d4 exd4 4. Nxd4 Bc5 5. Be3 Qf6 6. c3 Nge7 7. Bc4 O-O 8.
O-O Bb6 9. f4 d6 10. Na3 Be6 11. Qd2 h6 12. Be2 Rad8 13. Nc4 Nc8 14. Nxb6 Nxb6
15. Nxc6 bxc6 16. Bd4 Qe7 17. f5 Bc4 18. f6 Qxe4 19. fxg7 Rfe8 20. Bxc4 Nxc4
21. Qxh6 Qh7 22. Qxh7+ Kxh7 23. Rxf7 c5 24. Rxc7 cxd4 25. Rxc4 dxc3 26. Rxc3
Re2 27. b4 d5 28. Rg3 Kg8 29. a3 d4 30. Rd1 Rc8 31. h3 Rc3 32. Rxc3 dxc3 33.
Rc1 c2 34. a4 Kxg7 35. b5 Kf6 36. a5 Rd2 37. Kh2 Ke5 38. b6 axb6 39. a6 Rd1 40.
Rxc2 Ra1 41. Rb2 Rxa6 42. h4 Kf4 43. Rb4+ Kf5 44. g3 Kf6 45. Kh3 Kf5 46. g4+
Kg6 47. Kg3 b5 48. h5+ Kh6 49. Rxb5 Ra3+ 50. Kf4 Ra4+ 51. Kf5 Ra6 52. Re5 Ra7
53. Re6+ Kg7 54. g5 Rb7 55. h6+ Kh7 56. Kf6 Rb8 57. Re7+ Kg8 58. g6 Ra8 59. Re6
Rb8 60. Rd6 Ra8 61. Ke7 1-0

[Event "137th YMCA Winter D"]
[Site "Warszawa"]
[Date "2014.03.11"]
[Round "12"]
[White "Budrewicz, Henryk"]
[Black "Kwiek, Janusz"]
[Result "0-1"]
[WhiteElo "1539"]
[BlackElo "1597"]
[PlyCount "94"]
[EventDate "2014.01.06"]
[EventType "tourn"]
[EventRounds "1"]
[EventCountry "POL"]
[SourceDate "2014.01.06"]

1. d4 e6 2. Nf3 Nf6 3. Bf4 d5 4. e3 c5 5. c3 Nc6 6. Bd3 Bd6 7. Ne5 Qc7 8. Bg3
c4 9. Bc2 Nxe5 10. dxe5 Bxe5 11. f4 Bd6 12. Nd2 Qb6 13. O-O Bc5 14. Ba4+ Bd7
15. Bxd7+ Nxd7 16. Bf2 Bxe3 17. Bxe3 Qxe3+ 18. Kh1 O-O 19. Nxc4 Qc5 20. Ne5
Rad8 21. Rc1 Nxe5 22. fxe5 Qb6 23. Qe2 Rc8 24. Rfd1 Rc4 25. Re1 Re4 26. Qd2
Rxe1+ 27. Rxe1 Rc8 28. h3 a5 29. Kh2 Qc5 30. Qf4 Qc4 31. Rf1 Qxf4+ 32. Rxf4 Rc4
33. Rd4 Kf8 34. Kg1 Ke7 35. Kf2 f6 36. exf6+ gxf6 37. Ke3 Kd6 38. Rxc4 dxc4 39.
Kd4 b5 40. g4 h6 41. b3 cxb3 42. axb3 a4 43. bxa4 bxa4 44. Kc4 e5 45. Kb4 e4
46. Kxa4 e3 47. Kb3 e2 0-1

[Event "137th YMCA Winter D"]
[Site "Warszawa"]
[Date "2014.02.25"]
[Round "13"]
[White "Kwiek, Janusz"]
[Black "Sanz-Wawer, Daniel"]
[Result "0-1"]
[WhiteElo "1597"]
[BlackElo "1641"]
[PlyCount "110"]
[EventDate "2014.01.06"]
[EventType "tourn"]
[EventRounds "1"]
[EventCountry "POL"]
[SourceDate "2014.01.06"]

1. Nf3 Nf6 2. c4 e6 3. g3 b6 4. Bg2 Bb7 5. O-O Be7 6. Nc3 O-O 7. Qc2 c5 8. d4
Nc6 9. dxc5 bxc5 10. a3 a6 11. Rd1 d6 12. b3 Qc7 13. Bb2 Rab8 14. e3 Na5 15.
Rab1 Nxb3 16. Nd2 Nxd2 17. Rxd2 Bxg2 18. Kxg2 Rb7 19. Rbd1 Rfb8 20. Bc1 Qc6+
21. e4 Rb3 22. f3 R3b7 23. Qd3 Nd7 24. Rc2 Ne5 25. Qe2 Qc7 26. f4 Nc6 27. Be3
Bf6 28. Qd2 Bd4 29. Ne2 e5 30. Bxd4 exd4 31. f5 Qe7 32. Qf4 Re8 33. Rdd2 Rb3
34. Ra2 Re3 35. Rdb2 Rxe4 36. Qf2 Ne5 37. Nf4 Nxc4 38. Rb3 Ne3+ 39. Kg1 h6 40.
Qf3 Nxf5 41. Rab2 Re1+ 42. Kf2 Qe4 43. Qxe4 R1xe4 44. Nd5 Ne3 45. Nxe3 dxe3+
46. Ke2 d5 47. Rb7 d4 48. Rd7 c4 49. Rbb7 Rf8 50. Rdc7 d3+ 51. Ke1 Rd8 52. Rd7
d2+ 53. Ke2 Rd4 54. Rxd8+ Rxd8 55. Rb1 c3 0-1

[Event "137th YMCA Winter D"]
[Site "Warszawa"]
[Date "2014.03.24"]
[Round "13"]
[White "Herman, Monika"]
[Black "Budrewicz, Henryk"]
[Result "1/2-1/2"]
[WhiteElo "1645"]
[BlackElo "1539"]
[PlyCount "146"]
[EventDate "2014.01.06"]
[EventType "tourn"]
[EventRounds "1"]
[EventCountry "POL"]
[SourceDate "2014.01.06"]

1. e4 d6 2. d4 c6 3. Nf3 Bg4 4. Be3 Qc7 5. Be2 e5 6. O-O Nf6 7. Nbd2 Nbd7 8. c3
Be7 9. Re1 O-O 10. Ng5 Bxe2 11. Qxe2 h6 12. Ngf3 Ng4 13. Nxe5 Ngxe5 14. dxe5
dxe5 15. Rad1 Bc5 16. Nc4 Bxe3 17. Qxe3 Rfd8 18. Nd6 b6 19. Rd2 Nf8 20. Red1
Ne6 21. Qg3 f6 22. Qg4 Qe7 23. Nf5 Qe8 24. Nxh6+ Kh7 25. Nf5 Rxd2 26. Rxd2 Rd8
27. Rxd8 Qxd8 28. g3 Qf8 29. Qh5+ Kg8 30. Qg6 Kh8 31. h4 a5 32. Kg2 b5 33. Qh5+
Kg8 34. Qg4 Kh7 35. Ne3 Qf7 36. h5 Ng5 37. f4 Ne6 38. Qf5+ Kg8 39. Kf3 exf4 40.
gxf4 Nf8 41. Ng4 Qc4 42. h6 Qd3+ 43. Ne3 Qd7 44. hxg7 Kxg7 45. Qxd7+ Nxd7 46.
Nf5+ Kf7 47. Nd4 Nb8 48. a3 a4 49. Kg4 Kg6 50. e5 fxe5 51. fxe5 Kf7 52. Kf5 Ke7
53. Ke4 Kd7 54. Kd3 Na6 55. c4 Nc5+ 56. Kc3 Ne4+ 57. Kd3 Nc5+ 58. Ke3 bxc4 59.
Nf3 Nd3 60. Kd4 Nxb2 61. Kc3 Nd1+ 62. Kxc4 Ne3+ 63. Kb4 Ke6 64. Kxa4 Kd5 65.
Kb3 c5 66. a4 c4+ 67. Kc3 Kc5 68. Ng5 Nd5+ 69. Kc2 Kb4 70. e6 Kxa4 71. Nf3 Ne7
72. Ne5 Kb5 73. Ng4 Kc5 1/2-1/2

[Event "137th YMCA Winter D"]
[Site "Warszawa"]
[Date "2014.03.24"]
[Round "13"]
[White "Kepa, Wojciech"]
[Black "Bitowt, Jacek"]
[Result "1-0"]
[WhiteElo "1616"]
[BlackElo "1699"]
[PlyCount "45"]
[EventDate "2014.01.06"]
[EventType "tourn"]
[EventRounds "1"]
[EventCountry "POL"]
[SourceDate "2014.01.06"]

1. e4 e5 2. Nf3 Nc6 3. Bb5 a6 4. Ba4 Bc5 5. O-O Nge7 6. c3 b5 7. Bb3 Bb6 8. d4
exd4 9. cxd4 d5 10. exd5 Nxd5 11. Re1+ Be6 12. Ng5 Nxd4 13. Nxe6 fxe6 14. Qh5+
g6 15. Qxd5 O-O 16. Qxd8 Raxd8 17. Be3 Ba5 18. Nc3 c5 19. Red1 Kf7 20. Bxd4
cxd4 21. Ne4 d3 22. Ng5+ Kf6 23. Nxh7+ 1-0

[Event "137th YMCA Winter D"]
[Site "Warszawa"]
[Date "2014.03.24"]
[Round "13"]
[White "Wilczynski, Adam"]
[Black "Wrabel, Antoni"]
[Result "1/2-1/2"]
[WhiteElo "1664"]
[BlackElo "1712"]
[Annotator "Admin"]
[PlyCount "135"]
[EventDate "2014.01.06"]
[EventType "tourn"]
[EventRounds "1"]
[EventCountry "POL"]
[SourceDate "2014.01.06"]

1. c4 e6 2. g3 c5 3. Bg2 Nc6 4. Nf3 Nf6 5. Nc3 Be7 6. O-O O-O 7. d4 cxd4 8.
Nxd4 Nxd4 9. Qxd4 Qa5 10. Bd2 Qc5 11. Qd3 d6 12. Nb5 d5 13. cxd5 Bd7 14. Nc3
Rfd8 15. Be3 Qc7 16. Rfc1 Qb8 17. dxe6 Bxe6 18. Qc2 Rd7 19. Rd1 Qc8 20. Rxd7
Qxd7 21. Rd1 Qc7 22. Rc1 Qd7 23. Rd1 Qc7 24. Qa4 a6 25. Nb5 Qc8 26. Nd6 Bxd6
27. Rxd6 Ng4 28. Bb6 Qc1+ 29. Rd1 Qh6 30. h3 Ne5 31. Be3 Qh5 32. g4 Qh4 33. Qf4
f6 34. b3 Rc8 35. Qe4 Re8 36. Bf4 Nc6 37. Bg3 Qh6 38. Qf4 Qg6 39. e4 Ne5 40.
Qd2 Nc6 41. f4 Rd8 42. Qe2 Qe8 43. f5 Bf7 44. Bc7 Rd7 45. Bb6 g6 46. Rxd7 Qxd7
47. Bf3 Ne5 48. Bg2 Qc6 49. Qe3 Qc2 50. Qc5 Qb1+ 51. Kh2 Qxa2 52. Qc8+ Kg7 53.
g5 Nf3+ 54. Kg3 Nxg5 55. Qc3 Qxb3 56. Bd4 Qxc3+ 57. Bxc3 Bc4 58. e5 gxf5 59.
exf6+ Kf7 60. Bxb7 h6 61. h4 Nh7 62. Kf4 Be6 63. Bxa6 Nxf6 64. Bb7 Bd5 65. Bxf6
$11 Bxb7 66. Bc3 Ke6 67. Bg7 h5 68. Bc3 1/2-1/2

[Event "137th YMCA Winter D"]
[Site "Warszawa"]
[Date "2014.03.24"]
[Round "13"]
[White "Duda, Ryszard"]
[Black "Kalhorn, Marcin"]
[Result "1-0"]
[WhiteElo "1641"]
[BlackElo "1595"]
[PlyCount "123"]
[EventDate "2014.01.06"]
[EventType "tourn"]
[EventRounds "1"]
[EventCountry "POL"]
[SourceDate "2014.01.06"]

1. e4 g6 2. d4 Bg7 3. c4 d6 4. Nc3 c5 5. d5 Bxc3+ 6. bxc3 Qa5 7. Qc2 Nf6 8. Bd3
Nbd7 9. Nf3 Nb6 10. O-O Bd7 11. Bh6 Ba4 12. Qd2 Qa6 13. Qe2 Rg8 14. e5 dxe5 15.
Nxe5 Nbd7 16. Nxd7 Kxd7 17. Be3 b6 18. h3 Rae8 19. Bg5 Kc8 20. Rfe1 Qb7 21. Qf3
Qd7 22. Re2 Qd6 23. Rae1 Kd8 24. Rxe7 Rxe7 25. Bxf6 Rge8 26. Rxe7 Rxe7 27.
Bxe7+ Kxe7 28. Qe4+ Kf8 29. f4 f6 30. f5 Qg3 31. fxg6 hxg6 32. Qxg6 Qe1+ 33.
Kh2 Qxc3 34. Qe4 Qd2 35. d6 Qxa2 36. Qe7+ Kg8 37. d7 Bxd7 38. Qxd7 Qa1 39. Qe8+
Kg7 40. Qe7+ Kg8 41. Qh7+ Kf8 42. h4 a5 43. Be4 a4 44. Bd5 Ke8 45. Qf7+ Kd8 46.
Qg8+ Kc7 47. Qf7+ Kd8 48. Qf8+ Kd7 49. Qb8 a3 50. Qb7+ Ke8 51. Qc8+ Ke7 52.
Qe6+ Kd8 53. Qxb6+ Kd7 54. Qc6+ Kd8 55. Qd6+ Ke8 56. Bc6+ Kf7 57. Qd7+ Kf8 58.
Qe8+ Kg7 59. Qe7+ Kg8 60. Bd5+ Kh8 61. Qf8+ Kh7 62. Be4+ 1-0